Division I College Basketball Cities - Statistics

General Stats
  • This quiz has been taken 4,587 times
    1,142 since last reset
  • The average score is 176 of 362
Answer Stats
School State City % Correct
Florida International Florida Miami
82%
Columbia New York Manhattan
81%
______ College Massachusetts Boston
80%
______ University Massachusetts Boston
80%
Northeastern Massachusetts Boston
80%
_______ Texas Houston
80%
_______ Christian Texas Houston
80%
Rice Texas Houston
80%
Texas Southern Texas Houston
80%
Alabama Alabama Tuscaloosa
80%
Fordham New York Bronx
79%
University of Alabama __________ Alabama Birmingham
78%
_______ St Mississippi Jackson
78%
St John's New York Jamaica
78%
University of California ___ _______ California Los Angeles
78%
Loyola Marymount California Los Angeles
78%
USC California Los Angeles
78%
Long Island New York Brooklyn
77%
_______ St Illinois Chicago
77%
DePaul Illinois Chicago
77%
University of Illinois _______ Illinois Chicago
77%
Loyola _______ Illinois Chicago
77%
Belmont Tennessee Nashville
77%
Lipscomb Tennessee Nashville
77%
Tennessee St Tennessee Nashville
77%
Vanderbilt Tennessee Nashville
77%
Wagner New York Staten Island
77%
SMU Texas University Park
76%
American __________ __ Washington DC
76%
George Washington __________ __ Washington DC
76%
Georgetown __________ __ Washington DC
76%
Howard __________ __ Washington DC
76%
_____ Ohio Akron
75%
_____ St Idaho Boise
75%
Ohio St Ohio Columbus
75%
Central Florida Florida Orlando
75%
University of California ___ _____ California San Diego
75%
___ _____ California San Diego
75%
___ _____ St California San Diego
75%
University of Arkansas ______ ____ Arkansas Little Rock
74%
Drexel Pennsylvania Philadelphia
74%
La Salle Pennsylvania Philadelphia
74%
Penn Pennsylvania Philadelphia
74%
St Joseph's Pennsylvania Philadelphia
74%
Temple Pennsylvania Philadelphia
74%
Villanova Pennsylvania Philadelphia
74%
_______ Christian Texas Abilene
73%
Texas Texas Austin
73%
Butler Indiana Indianapolis
73%
Indiana U - Purdue U ____________ Indiana Indianapolis
73%
Georgia Tech Georgia Atlanta
72%
Georgia St Georgia Atlanta
72%
University of Nevada ___ _____ Nevada Las Vegas
72%
Michigan Michigan Ann Arbor
71%
College of __________ South Carolina Charleston
71%
__________ Southern South Carolina Charleston
71%
The Citadel South Carolina Charleston
71%
Eastern Illinois Illinois Charleston
71%
_________ North Carolina Charlotte
71%
Queens North Carolina Charlotte
71%
______ Colorado Denver
71%
___ _______ Louisiana New Orleans
71%
Tulane Louisiana New Orleans
71%
_______ Washington Seattle
71%
Washington Washington Seattle
71%
LSU Louisiana Baton Rouge
70%
Southern Louisiana Baton Rouge
70%
Duke North Carolina Durham
70%
New Hampshire New Hampshire Durham
70%
North Carolina Central North Carolina Durham
70%
____________ Florida Jacksonville
70%
____________ St Alabama Jacksonville
70%
North Florida Florida Jacksonville
70%
Bellarmine Kentucky Louisville
70%
Utah Utah Salt Lake City
70%
Incarnate Word Texas San Antonio
70%
Texas ___ _______ Texas San Antonio
70%
______ New York Albany
69%
Georgia Georgia Athens
69%
Ohio Ohio Athens
69%
Colorado Colorado Boulder
69%
_______ New York Buffalo
69%
Canisius New York Buffalo
69%
__________ Kentucky Louisville
69%
Creighton Nebraska Omaha
69%
Nebraska-_____ Nebraska Omaha
69%
Duquesne Pennsylvania Pittsburgh
69%
__________ Pennsylvania Pittsburgh
69%
Brown Rhode Island Providence
69%
__________ Rhode Island Providence
69%
North Carolina St North Carolina Raleigh
69%
South Florida Florida Tampa
69%
Coppin St Maryland Baltimore
68%
Loyola Maryland Maryland Baltimore
68%
Morgan St Maryland Baltimore
68%
_________ St Ohio Cleveland
68%
Air Force Colorado Colorado Springs
68%
Missouri Missouri Columbia
68%
South Carolina South Carolina Columbia
68%
_______ Mercy Michigan Detroit
68%
_______ Tennessee Memphis
68%
Minnesota Minnesota Minneapolis
68%
Grand Canyon Arizona Phoenix
68%
________ Oregon Portland
68%
________ St Oregon Portland
68%
Florida A&M Florida Tallahassee
68%
Florida St Florida Tallahassee
68%
Baylor Texas Waco
68%
__________ Ohio Cincinnati
67%
Xavier Ohio Cincinnati
67%
UTEP Texas El Paso
67%
Tennessee Tennessee Knoxville
67%
Wisconsin Wisconsin Madison
67%
BYU Utah Provo
67%
Arizona St Arizona Tempe
67%
Arizona Arizona Tucson
67%
Purdue Indiana West Lafayette
67%
Army New York West Point
67%
North Carolina North Caroliina Chapel Hill
66%
___ _________ California San Francisco
66%
______ Alabama Auburn
65%
Marquette Wisconsin Milwaukee
65%
Wisconsin-_________ Wisconsin Milwaukee
65%
Texas A&M Texas College Station
64%
Kentucky Kentucky Lexington
64%
VMI Virginia Lexington
64%
Nebraska Nebraska Lincoln
64%
Indiana Indiana Bloomington
63%
Oregon Oregon Eugene
63%
Arkansas Arkansas Fayetteville
63%
TCU Texas Fort Worth
63%
Kansas St Kansas Manhattan
63%
California California Berkeley
62%
Drake Iowa Des Moines
62%
Michigan St Michigan East Lansing
62%
Florida Florida Gainesville
62%
Hawaii Hawaii Honolulu
62%
Oral Roberts Oklahoma Tulsa
62%
_____ Oklahoma Tulsa
62%
Louisiana Louisiana Lafayette
61%
Miami Ohio Oxford
61%
Mississippi Mississippi Oxford
61%
Eastern Kentucky Kentucky Richmond
61%
________ Virginia Richmond
61%
VCU Virginia Richmond
61%
__________ St California Sacramento
61%
___ ____ St California San Jose
61%
Notre Dame Indiana South Bend
61%
Navy Maryland Annapolis
60%
_______ _____ St Ohio Bowling Green
60%
Western Kentucky Kentucky Bowling Green
60%
______ St California Fresno
60%
Iowa Iowa Iowa City
60%
University of Missouri ______ ____ Missouri Kansas City
60%
Nevada Nevada Reno
60%
Le Moyne New York Syracuse
60%
________ New York Syracuse
60%
______ Ohio Toledo
60%
______ Ohio Dayton
59%
University of North Carolina __________ North Carolina Wilmington
58%
Texas A&M ______ _______ Texas Corpus Christi
57%
Texas Tech Texas Lubbock
57%
Oklahoma Oklahoma Norman
57%
University of Arkansas ____ _____ Arkansas Pine Bluff
57%
Gonzaga Washington Spokane
57%
__ _____ Missouri St Louis
57%
Illinois Illinois Urbana-Champaign
57%
Wisconsin-_____ ___ Wisconsin Green Bay
56%
University of California ______ California Irvine
56%
Kansas Kansas Lawrence
56%
University of Louisiana ______ Louisiana Monroe
56%
New Mexico New Mexico Albuquerque
55%
Iowa St Iowa Ames
55%
Purdue University ____ _____ Indiana Fort Wayne
55%
North Carolina A&T North Carolina Greensboro
55%
University of North Carolina __________ North Carolina Greensboro
55%
____ St Ohio Kent
55%
__________ St Ohio Youngstown
55%
Virginia Virginia Charlottesville
54%
South Alabama Alabama Mobile
54%
_______ St Kansas Wichita
54%
Maryland Maryland College Park
53%
University of California _____ California Davis
53%
__________ St California Long Beach
53%
University of California _____ _______ California Santa Barbara
53%
_______ South Carolina Clemson
52%
North Dakota St North Dakota Fargo
52%
Alabama St Alabama Montgomery
52%
_______ St Virginia Norfolk
52%
Old Dominion Virginia Norfolk
52%
California St University ___________ California Bakersfield
51%
Virginia Tech Virginia Blacksburg
51%
Missouri St Missouri Springfield
51%
St Thomas Minnesota St Paul
51%
Wake Forest North Carolina Winston-Salem
51%
University of North Carolina _________ North Carolina Asheville
50%
Harvard Massachusetts Cambridge
50%
Delaware St Delaware Dover
50%
Northwestern Illinois Evanston
50%
__________ Indiana Evansville
50%
Southern Indiana Indiana Evansville
50%
Yale Connecticut New Haven
50%
Appalachian St North Carolina Boone
49%
Miami Florida Coral Gables
49%
California Baptist California Riverside
49%
University of California _________ California Riverside
49%
Oklahoma St Oklahoma Stillwater
49%
West Virginia West Virginia Morgantown
48%
Delaware Delaware Newark
48%
NJIT New Jersey Newark
48%
Oregon St Oregon Corvallis
47%
Colorado St Colorado Fort Collins
47%
________ St Georgia Kennesaw
47%
Tennessee-___________ Tennessee Chattanooga
46%
California St University _________ California Fullerton
46%
Penn St Pennsylvania State College
46%
East Carolina North Carolina Greenville
45%
Furman South Carolina Greenville
45%
Stanford California Palo Alto
45%
Mississippi St Mississippi Starkville
45%
Massachusetts Massachusetts Amherst
44%
Alabama A&M Alabama Huntsville
44%
Sam Houston St Texas Huntsville
44%
Wyoming Wyoming Laramie
44%
Massachusetts ______ Massachusetts Lowell
44%
Tennessee-______ Tennessee Martin
44%
Connecticut Connecticut Storrs
44%
Texas _________ Texas Arlington
43%
Florida Atlantic Florida Boca Raton
43%
Northern Arizona Arizona Flagstaff
43%
Cornell New York Ithaca
43%
Western Michigan Michigan Kalamazoo
43%
Ball St Indiana Muncie
43%
____ Alabama Troy
43%
Washington St Washington Pullman
42%
New Mexico St New Mexico Las Cruces
41%
Middle Tennessee St Tennessee Murfreesboro
41%
Montana St Montana Bozeman
40%
_____ _____ California Santa Clara
40%
Liberty Virginia Lynchburg
38%
Marshall West Virginia Huntington
37%
California St University __________ California Northridge
37%
Vermont Vermont Burlington
36%
North Texas Texas Denton
36%
Montana Montana Missoula
36%
Idaho Idaho Moscow
36%
Southern Illinois University ____________ Illinois Edwardsville
35%
Arkansas St Arkansas Jonesboro
35%
_________ New Jersey Princeton
35%
Eastern Michigan Michigan Ypsilanti
35%
Central Arkansas Arkansas Conway
34%
Coastal Carolina South Carolina Conway
34%
____ North Carolina Elon
34%
Southern Mississippi Mississippi Hattiesburg
34%
Utah St Utah Logan
34%
________ St Kentucky Morehead
34%
Oakland Michigan Rochester
34%
____ _____ North Carolina High Point
33%
Mercer Georgia Macon
33%
______ St Kentucky Murray
33%
Dixie St Utah St George
33%
Texas A&M ________ Texas Commerce
32%
Pepperdine California Malibu
32%
Weber St Utah Ogden
32%
Bradley Illinois Peoria
32%
_________ St Louisiana Grambling
31%
St Peter's New Jersey Jersey City
31%
Rutgers New Jersey New Brunswick
31%
__________ Indiana Valparaiso
31%
_________ Connecticut Fairfield
30%
Sacred Heart Connecticut Fairfield
30%
_______ Virginia Hampton
30%
_______ ____ A&M Texas Prairie View
30%
________ North Carolina Davidson
29%
Northern Illinois Illinois DeKalb
29%
Indiana St Indiana Terre Haute
29%
______ Maryland Towson
28%
Florida Gulf Coast Florida Fort Myers
27%
Cal Poly California San Luis Obispo
27%
Texas St Texas San Marcos
27%
James Madison Virginia Harrisonburg
26%
Idaho St Idaho Pocatello
26%
William & Mary Virginia Williamsburg
26%
Austin Peay Tennessee Clarksville
25%
Bethune-Cookman Florida Daytona Beach
25%
Central Michigan Michigan Mount Pleasant
25%
Louisiana Tech Louisana Ruston
25%
Georgia Southern Georgia Statesboro
25%
Holy Cross Massachusetts Worcester
25%
Southern Illinois Illinois Carbondale
24%
North Dakota North Dakota Grand Forks
24%
East Tennessee St Tennessee Johnson City
24%
South Carolina Upstate South Carolina Spartanburg
24%
Wofford South Carolina Spartanburg
24%
Pacific California Stockton
24%
Illinois St Illinois Normal
23%
George Mason Virginia Fairfax
22%
Dartmouth New Hampshire Hanover
22%
__ ___________ New York St Bonaventure
22%
_____ _____ New York Stony Brook
22%
Northern Colorado Colorado Greeley
21%
McNeese St Louisiana Lake Charles
21%
Utah Valley St Utah Orem
20%
Maine Maine Orono
20%
_______ Virginia Radford
20%
South Dakota St South Dakota Brookings
19%
Marist New York Poughkeepsie
19%
Lehigh Pennsylvania Bethlehem
18%
Northern Iowa Iowa Cedar Falls
18%
Lamar Texas Beaumont
16%
Stetson Florida DeLand
16%
North Alabama Alabama Florence
16%
St Mary's California Moraga
16%
Iona New York New Rochelle
16%
Colgate New York Hamilton
15%
Rhode Island Rhode Island Kingston
15%
South Dakota South Dakota Vermillion
15%
Campbell North Carolina Buies Creek
14%
Southeast Missouri St Missouri Cape Girardeau
14%
Southern Utah Utah Cedar City
14%
Eastern Washington Washington Cheney
14%
Lafayette Pennsylvania Easton
14%
Stonehill Massachusetts Easton
14%
Winthrop South Carolina Rock Hill
14%
Stephen F Austin Texas Nacogdoches
13%
Seton Hall New Jersey South Orange
13%
Tennessee Tech Tennessee Cookeville
12%
Texas Rio Grand Valley Texas Edinburg
12%
Longwood Virginia Farmville
12%
Hofstra New York Hempstead
12%
Mississippi Valley St Mississippi Itta Bena
12%
Robert Morris Pennsylvania Moon Township
12%
Southeastern Louisiana Louisiana Hammond
11%
Bucknell Pennsylvania Lewisburg
11%
Western Illinois Illinois Macomb
11%
Gardner-Webb North Carolina Boiling Springs
10%
Niagara New York Lewiston
10%
Northwestern St Louisiana Natchitoches
10%
Central Connecticut St Connecticut New Britain
10%
South Carolina St South Carolina Orangeburg
10%
Bryant Rhode Island Smithfield
10%
Lindenwood Missouri St Charles
10%
Western Carolina North Carolina Cullowhee
9%
Northern Kentucky Kentucky Highland Heights
9%
Samford Alabama Homewood
9%
Alcorn St Mississippi Lorman
9%
Presbyterian South Carolina Clinton
8%
Fairleigh Dickinson New Jersey Hackensack
8%
Quinnipiac Connecticut Hamden
8%
Merrimack Massachusetts North Andover
8%
Tarleton St Texas Stephenville
8%
Nicholls St Louisiana Thibodaux
8%
Binghamton New York Vestal
8%
Monmouth New Jersey West Long Branch
8%
Mount St Mary's Maryland Emmitsburg
7%
Maryland - Eastern Shore Maryland Princess Anne
7%
Maryland - Baltimore County Maryland Catonsville
6%
St Francis Pennsylvania Loretto
6%
Wright St Ohio Fairborn
5%
Rider New Jersey Lawrenceville
5%
Siena New York Loudonville
5%
Manhattan New York Riverdale
5%
No matching quizzes found
Score Distribution
Percent of People with Each Score
Percentile by Number Answered
Your Score History
You have not taken this quiz since the last reset